| 000 | 00376nam a2200145 i 4500 | ||
|---|---|---|---|
| 001 | bg | ||
| 100 | 1 | _aPACYK, Leokadia. | |
| 245 | 0 |
_aĆwiczenia rachunkowe z chemii fizycznej. _nCz.1 / _cLeokadia Pacyk, Janina Ujma. |
|
| 260 |
_aCzęstochowa, _c1971. |
||
| 700 | 1 | _aUJMA, Janina. | |
| 040 | _cBPK | ||
| 041 | _apol | ||
| 942 | _cKS | ||
| 008 | s pl f |000 0 pol | ||
| 999 |
_c7197 _d7197 |
||
| 856 |
_uhttp://koha.tu.koszalin.pl/cgi-bin/koha/opac-detail.pl?biblionumber=7197 _yKatalog online BPK |
||